MEMORIAS

Gespeichert in:
Bibliographische Detailangaben
Körperschaft: Juegos Florales Sahuayenses ( Sahuayo, México)
Format: Tagungsbericht Buch
Schriftenreihe:ASOCIACION PROPULSORA DEL ARTE ; 14
Schlagworte:
Tags: Tag hinzufügen
Keine Tags, Fügen Sie das erste Tag hinzu!

MARC

LEADER 00000nam^a2200000^a^4500
001 000234354
005 20250521000000.0
009 20260310104720.004
035 |a 057836 
037 |a Acervo Xavier Clavigero 
082 |a 861. 08  |b JUE 
111 |a Juegos Florales Sahuayenses (  |n 1° :  |d 1954 :  |c Sahuayo, México) 
245 1 0 |a MEMORIAS 
264 |a SAHUAYO, MICH. :  |b ASOCIACION PROPULSORA DEL ARTE,  |c 1955 
300 |a 117 p. 
336 |a texto  |b txt  |2 rdacontenido 
337 |a sin mediación  |b n  |2 rdamedio 
338 |a volumen  |b nc  |2 rdasoporte 
440 |a ASOCIACION PROPULSORA DEL ARTE ;  |v 14 
649 |a XX 
650 |a POESIA MEXICANA -  |x COLECCIONES 
910 |a Fondo General 
920 |a Impresos - Libros 
930 |a Colección General 
940 |a Literatura 
905 |a 101 
901 |a 057836  |b IT1  |c LIT  |i 057836  |u 20250521 
901 |a 059640  |b IT1  |c LIT  |i 059640  |u 20250521 
901 |a 059641  |b IT1  |c LIT  |i 059641  |u 20250521 
902 |a https://opac.biblio.iteso.mx/vufind/Record/000234354